Eastern Utah Libraries Catalog: Duchesne, Heber, Roosevelt, & Vernal

Cursed daughters : (Record no. 415003)

MARC details
000 -LEADER
fixed length control field 03630cam a2200541 i 4500
001 - CONTROL NUMBER
control field 2025019811
003 - CONTROL NUMBER IDENTIFIER
control field DLC
005 - DATE AND TIME OF LATEST TRANSACTION
control field 20260204153628.0
007 - PHYSICAL DESCRIPTION FIXED FIELD--GENERAL INFORMATION
fixed length control field t|
008 - FIXED-LENGTH DATA ELEMENTS--GENERAL INFORMATION
fixed length control field 250527t20252025nyua 000 1 eng
010 ## - LIBRARY OF CONGRESS CONTROL NUMBER
LC control number 2025019811
020 ## - INTERNATIONAL STANDARD BOOK NUMBER
International Standard Book Number 9780385551472
Qualifying information (hardcover)
020 ## - INTERNATIONAL STANDARD BOOK NUMBER
Cancelled/invalid ISBN 9780385551489
Qualifying information (ebook)
035 ## - SYSTEM CONTROL NUMBER
System control number (OCoLC)1499213552
040 ## - CATALOGING SOURCE
Original cataloging agency DLC
Language of cataloging eng
Description conventions rda
Transcribing agency DLC
Modifying agency DLC
-- DLC-MRC
-- DLC
-- TnLvILS
042 ## - AUTHENTICATION CODE
Authentication code pcc
043 ## - GEOGRAPHIC AREA CODE
Geographic area code f-nr---
050 00 - LIBRARY OF CONGRESS CALL NUMBER
Classification number PR9387.9.B73
Item number C87 2025
082 00 - DEWEY DECIMAL CLASSIFICATION NUMBER
Classification number 823/.92
Edition number 23/eng/20250627
092 ## - LOCALLY ASSIGNED DEWEY CALL NUMBER (OCLC)
Classification number fiction
Item number Braithwaite, Oyinkan
100 1# - MAIN ENTRY--PERSONAL NAME
Personal name Braithwaite, Oyinkan
Relator term author
Relator code aut
-- http://id.loc.gov/vocabulary/ relators/aut
9 (RLIN) 5995267
245 10 - TITLE STATEMENT
Title Cursed daughters :
Remainder of title a novel /
Statement of responsibility, etc Oyinkan Braithwaite.
250 ## - EDITION STATEMENT
Edition statement First Doubleday hardcover edition.
264 #1 - Production, Publication, Distribution, Manufacture, and Copyright Notice.
Place of production, publication, distribution, manufacture New York :
Name of producer, publisher, distributor, manufacturer Doubleday,
Date of production, publication, distribution, manufacture, or copyr 2025.
264 #4 - Production, Publication, Distribution, Manufacture, and Copyright Notice.
Date of production, publication, distribution, manufacture, or copyr 2025
300 ## - PHYSICAL DESCRIPTION
Extent 364 pages ;
Dimensions 22 cm
336 ## - Content Type
Content type term text
337 ## - Media type
Media type term unmediated
338 ## - Carrier type
Carrier type term volume
500 ## - GENERAL NOTE
General note "Read with Jenna"--Jacket.
500 ## - GENERAL NOTE
General note "Originally published in hardcover in Great Britain by Atlantic Books in 2025"--Copyright page.
520 ## - SUMMARY, ETC.
Summary, etc "Three generations of women must contend with their family curse and the question of reincarnation"--
520 ## - SUMMARY, ETC.
Summary, etc "When Ebun gives birth to her daughter, Eniiyi, on the day they bury her cousin Monife, there is no denying the startling resemblance between the child and the dead woman. So begins the belief, fostered and fanned by the entire family, that Eniiyi is the actual reincarnation of Monife, fated to follow in her footsteps in all ways, including that tragic end.<br/><br/>There is also the matter of the family curse: “No man will call your house his home. And if they try, they will not have peace...” which has been handed down from generation to generation, breaking hearts and causing three generations of abandoned Falodun women to live under the same roof.<br/><br/>When Eniiyi falls in love with the handsome boy she saves from drowning, she can no longer run from her family’s history. As several women in her family have done before, she ill-advisedly seeks answers in older, darker spiritual corners of Lagos, demanding solutions. Is she destined to live out the habitual story of love and heartbreak? Or can she break the pattern once and for all, not only avoiding the spiral that led Monife to her lonely death, but liberating herself from all the family secrets and unspoken traumas that have dogged her steps since before she could remember?<br/><br/>Cursed Daughters is a brilliant cocktail of modernity and superstition, vibrant humor and hard-won wisdom, romantic love and familial obligation. With its unforgettable cast of characters, it asks us what it means to be given a second chance and how to live both wisely and well with what we’ve been given."
650 #0 - SUBJECT ADDED ENTRY--TOPICAL TERM
Topical term or geographic name as entry element Families
Form subdivision Fiction.
9 (RLIN) 5674501
650 #0 - SUBJECT ADDED ENTRY--TOPICAL TERM
Topical term or geographic name as entry element Mothers and daughters
Form subdivision Fiction.
9 (RLIN) 5673712
650 #0 - SUBJECT ADDED ENTRY--TOPICAL TERM
Topical term or geographic name as entry element Generations
Form subdivision Fiction.
9 (RLIN) 6358588
650 #0 - SUBJECT ADDED ENTRY--TOPICAL TERM
Topical term or geographic name as entry element Blessing and cursing
Form subdivision Fiction.
9 (RLIN) 5675732
650 #0 - SUBJECT ADDED ENTRY--TOPICAL TERM
Topical term or geographic name as entry element Reincarnation
Form subdivision Fiction.
9 (RLIN) 5692127
650 #0 - SUBJECT ADDED ENTRY--TOPICAL TERM
Topical term or geographic name as entry element Fate and fatalism
Form subdivision Fiction.
9 (RLIN) 5691628
650 #0 - SUBJECT ADDED ENTRY--TOPICAL TERM
Topical term or geographic name as entry element Family secrets
Form subdivision Fiction.
9 (RLIN) 5674538
650 #0 - SUBJECT ADDED ENTRY--TOPICAL TERM
Topical term or geographic name as entry element Generational trauma
Form subdivision Fiction.
9 (RLIN) 6484209
650 #0 - SUBJECT ADDED ENTRY--TOPICAL TERM
Topical term or geographic name as entry element Man-woman relationships
Form subdivision Fiction.
9 (RLIN) 5674079
651 #0 - SUBJECT ADDED ENTRY--GEOGRAPHIC NAME
Geographic name Lagos (Nigeria)
Form subdivision Fiction.
9 (RLIN) 6463386
655 #7 - INDEX TERM--GENRE/FORM
Genre/form data or focus term Novels
Source of term lcgft
655 #7 - INDEX TERM--GENRE/FORM
Genre/form data or focus term Domestic fiction.
Source of term lcgft
776 1# - ADDITIONAL PHYSICAL FORM ENTRY
Display text Online version
Main entry heading Braithwaite, Oyinkan
Title Cursed daughters
Edition First edition
Place, publisher, and date of publication New York : Doubleday, 2025
International Standard Book Number 9780385551489
Record control number (DLC) 2025019812
942 ## - ADDED ENTRY ELEMENTS (KOHA)
Source of classification or shelving scheme Dewey Decimal Classification
Koha item type BOOK
Holdings
Withdrawn status Lost status Source of classification or shelving scheme Damaged status Not for loan Collection code Home library Current library Shelving location Date acquired Source of acquisition Total Checkouts Full call number Barcode Date last seen Cost, replacement price Price effective from Koha item type
    Dewey Decimal Classification     Fiction Wasatch County Library Wasatch County Library First Floor 02/05/2026 Ingram   F Braithwaite 34301002107011 02/05/2026 29.00 02/05/2026 BOOK
This project was made possible through a grant from the Institute of Museum and Library Service administered by the Utah State Library Division.

Wasatch County Library

  • 465 East 1200 South, Heber City, Utah 84032
  • Phone 435-654-1511 | Fax 435-654-6456

Hours

  • Monday - Friday 9:30 AM - 8:00 PM
  • Saturday 9:30 AM - 1:30 PM
  • Closed Sundays and Holidays